000 005100000a22001690004500
090 _aAR
_b02576
245 1 0 _aSize and composition of the hymenopteran fauna of Costa Rica
650 1 4 _aEntomología
_94483
650 1 4 _aRiqueza de especies
_93326
650 1 4 _aDistribución latitudinal
_996069
041 0 _aInglés
700 1 _aGauld, Ian D.
_996070
700 1 _aHanson, Paul
_993089
100 1 _aGaston, Kevin J.
_922417
942 _cARTICULO
773 1 _tJournal of Biogeography
_3248
_q105-113
_d1996
_g23
999 _c11640
_d11640